000 00617nam a22002057a 4500
008 230911b |||||||| |||| 00| 0 eng d
016 _2retro2021
020 _a9789784841313
040 _aNLN
_bEnglish
_eAACR2
050 _aPZ7.A228
_bD771
082 _a823
100 _aADEWALE, Oladejo Taofeek
_eaut
_929487
245 _aA dream come true /
_cOladejo T. Adewale
260 _aIbadan, Oyo State (Nw4/319, Salvation Army Road) :
_b(s.n.)
_c[2008?]
300 _ai, 28p. ;
_b18cm.
563 _a(pbk)
650 _aChildren's stories, Nigeria (English)
650 _aNigerian fiction (English)
942 _cBK
999 _c15136
_d15136